Prancer: a Christmas tale / Universal 1440 ... Read More
Available copies
- 1 of 1 copy available at LARL/NWRL Consortium. (Show)
- 1 of 1 copy available at Northwest Regional Library.
Current holds
0 current holds with 1 total copy.
Show Only Available Copies
| Location | Call Number / Copy Notes | Barcode | Shelving Location | Status | Due Date |
|---|---|---|---|---|---|
| Roseau Public Library | DVD j PRA (Text) | 35500006370090 | Main | Available | - |
Record details
- Physical Description: 1 videodisc (106 min.) : sound, color ; 4 3/4 in.
- Publisher: Universal City, CA : Universal, [2022]
- Distributor: [Universal City, CA] : Studio Distribution Services.
Content descriptions
| General Note: | Originally released as a motion picture in 2022. Wide screen (2.00:1). |
| Creation/Production Credits Note: | Director of photography, James Oldham ; editor, ... Read More |
| Participant or Performer Note: | James Cromwell, Sarah-Jane Potts, Aaron McCusker, ... Read More |
| Summary, etc.: | Inspired by the Christmas favorite, Prancer, ... Read More |
| Target Audience Note: | MPAA rating: PG; language, some action/peril and ... Read More |
| System Details Note: | DVD, region 1, NTSC, wide screen (2.00:1); Dolby ... Read More |
| Language Note: | English dialogue; French or Spanish subtitles; ... Read More |
Search for related items by subject
| Subject: | Grandparent and child > Juvenile drama. Reindeer > Juvenile drama. Holidays > Juvenile drama. Magic > Juvenile drama. |
| Genre: | Christmas films. Fantasy films. Children's films. Feature films. Fiction films. Video recordings for the hearing impaired. |
| LDR | 03952cgm a2200805 i 4500 | ||
|---|---|---|---|
| 001 | 407885 | ||
| 003 | LARL_NWRL_CONSORTIUM | ||
| 005 | 20230131181042.0 | ||
| 007 | vd cvaizq | ||
| 008 | 221129s2022 cau106 j vleng d | ||
| 024 | 1 | . | ‡a191329143728 |
| 028 | 4 | 2. | ‡a1963212476 ‡bUniversal ‡q(container) |
| 028 | 4 | 2. | ‡a1206068 ‡bUniversal ‡q(disc) |
| 028 | 4 | 2. | ‡a2992129074 ‡bUniversal ‡q(disc) |
| 035 | . | ‡a(OCoLC)1351940753 | |
| 037 | . | ‡bMidwest Tape ‡nhttp://www.midwesttapes.com | |
| 040 | . | ‡aTEFMT ‡beng ‡erda ‡cTEFMT ‡dTEF ‡dINO ‡dOCLCF ‡dSO$ | |
| 041 | 1 | . | ‡aeng ‡aspa ‡jeng ‡jfre ‡jspa ‡peng ‡heng |
| 082 | 0 | 4. | ‡a791.43/72 ‡223/eng/20221130 |
| 092 | . | ‡aP | |
| 245 | 0 | 0. | ‡aPrancer: ‡ba Christmas tale / ‡cUniversal 1440 Entertainment presents ; a 1440, Raffaella de Laurentiis production ; produced by Raffaella De Laurentiis ; written by Greg Taylor ; directed by Phil Hawkins. |
| 257 | . | ‡aUnited States ‡2naf. | |
| 264 | 1. | ‡aUniversal City, CA : ‡bUniversal, ‡c[2022] | |
| 264 | 2. | ‡a[Universal City, CA] : ‡bStudio Distribution Services. | |
| 300 | . | ‡a1 videodisc (106 min.) : ‡bsound, color ; ‡c4 3/4 in. | |
| 336 | . | ‡atwo-dimensional moving image ‡btdi ‡2rdacontent. | |
| 337 | . | ‡avideo ‡bv ‡2rdamedia. | |
| 338 | . | ‡avideodisc ‡bvd ‡2rdacarrier. | |
| 344 | . | ‡adigital ‡2rdatr. | |
| 344 | . | ‡boptical ‡2rdarm. | |
| 344 | . | ‡gsurround ‡2rdacpc. | |
| 344 | . | ‡h5.1 Dolby digital. | |
| 346 | . | ‡bNTSC ‡2rdabs. | |
| 347 | . | ‡avideo file ‡2rdaft. | |
| 347 | . | ‡bDVD video. | |
| 347 | . | ‡eregion 1 ‡2rdare. | |
| 380 | . | ‡aMotion pictures ‡2lcgft. | |
| 538 | . | ‡aDVD, region 1, NTSC, wide screen (2.00:1); Dolby digital 5.1. | |
| 546 | . | ‡aEnglish dialogue; French or Spanish subtitles; English subtitles for the deaf and hard of hearing (SDH). | |
| 511 | 1 | . | ‡aJames Cromwell, Sarah-Jane Potts, Aaron McCusker, Joseph Millson, Stephanie Levi-John, Darcey Ewart. |
| 508 | . | ‡aDirector of photography, James Oldham ; editor, Sylvain Lebel ; music, Mark McKenzie. | |
| 500 | . | ‡aOriginally released as a motion picture in 2022. | |
| 500 | . | ‡aWide screen (2.00:1). | |
| 521 | 8 | . | ‡aMPAA rating: PG; language, some action/peril and thematic elements ‡aCHV rating: G. |
| 520 | . | ‡aInspired by the Christmas favorite, Prancer, Gloria (10, raised in the U.K.) and her recently widowed, American grandfather, Bud, befriend a mysterious reindeer. The extended family has gathered at Bud's rural northeastern home for Christmas and to decide where the cantankerous senior will spend his final years. When Bud comes to believe that the mischievous Prancer might actually be magical and Gloria fears that this will seal his fate to a retirement home. She helps keep his theory secret from the family while the unlikely pair unravel why Prancer has appeared, healing longstanding rifts in the family along the way. | |
| 650 | 0. | ‡aGrandparent and child ‡vJuvenile drama. | |
| 650 | 0. | ‡aReindeer ‡vJuvenile drama. | |
| 650 | 0. | ‡aHolidays ‡vJuvenile drama. | |
| 650 | 0. | ‡aMagic ‡vJuvenile drama. | |
| 655 | 7. | ‡aChristmas films. ‡2lcgft. ‡0(LARL_NWRL_CONSORTIUM)175648 | |
| 655 | 7. | ‡aFantasy films. ‡2lcgft. ‡0(LARL_NWRL_CONSORTIUM)175666 | |
| 655 | 7. | ‡aChildren's films. ‡2lcgft. ‡0(LARL_NWRL_CONSORTIUM)175624 | |
| 655 | 7. | ‡aFeature films. ‡2lcgft. ‡0(LARL_NWRL_CONSORTIUM)175625 | |
| 655 | 7. | ‡aFiction films. ‡2lcgft. ‡0(LARL_NWRL_CONSORTIUM)175626 | |
| 655 | 7. | ‡aVideo recordings for the hearing impaired. ‡2lcgft. ‡0(LARL_NWRL_CONSORTIUM)175744 | |
| 700 | 1 | . | ‡aHawkins, Phil, ‡efilm director. |
| 700 | 1 | . | ‡aTaylor, Greg, ‡d1951- ‡escreenwriter. ‡0(LARL_NWRL_CONSORTIUM)205796 |
| 700 | 1 | . | ‡aDeLaurentiis, Raffaella, ‡efilm producer. ‡0(LARL_NWRL_CONSORTIUM)112678 |
| 700 | 1 | . | ‡aCromwell, James, ‡eactor. ‡0(LARL_NWRL_CONSORTIUM)141897 |
| 700 | 1 | . | ‡aPotts, Sarah-Jane, ‡eactor. |
| 700 | 1 | . | ‡aMcCusker, Aaron, ‡d1978- ‡eactor. |
| 700 | 1 | . | ‡aMillson, Joseph, ‡eactor. |
| 700 | 1 | . | ‡aLevi-John, Stephanie, ‡eactor. |
| 700 | 1 | . | ‡aEwart, Darcey, ‡eactor. |
| 710 | 2 | . | ‡aUniversal 1440 Entertainment (Firm), ‡epresenter, ‡eproduction company. |
| 710 | 2 | . | ‡aRaffaella Productions, ‡eproduction company. |
| 710 | 2 | . | ‡aUniversal Pictures (Firm), ‡epublisher. ‡0(LARL_NWRL_CONSORTIUM)76903 |
| 710 | 2 | . | ‡aStudio Distribution Services (Firm), ‡efilm distributor. |
| 901 | . | ‡a407885 ‡b ‡c407885 ‡tbiblio | |

Add to basket
Permalink
Disable Highlighting